00286pab a2200121 454500008004000000100002400040245004300064260000900107300000900116362000900125650001500134773001500149180718b1985 xxu||||| |||| 00| 0 eng d aSchmidt, Richard E. aManagement in a leaderless environment c1985 a30-2 aFall aManagement aBureaucrat